Word Ladder: They Have No Bread? Quiz Stats

 Plays Quiz Updated Nov 9, 2012

Support Sporcle.
Go Orange.
Score 0/24 Timer 03:00
2 Plays Today
3 or 4-Letter Word % Correct
3-Letter WordSET
98.1%
3-Letter Word1 ⚜LET⚜
98%
3-Letter WordSAD
97.1%
3-Letter Word3 ⚜EAT⚜
97%
3-Letter WordMAT
96.6%
3-Letter WordSAP
96.1%
3-Letter WordSAT
95%
3-Letter WordCAT
94%
3-Letter WordMAD
92.2%
4-Letter WordFEED
91.8%
4-Letter WordFADE
89.6%
3-Letter WordTAP
89.2%
3 or 4-Letter Word % Correct
4-Letter Word2 ⚜THEM⚜
88.7%
4-Letter WordFRED
88.4%
3-Letter WordTAR
85.4%
4-Letter WordFEES
85%
4-Letter WordFADS
84.6%
4-Letter WordTREE
84.5%
4-Letter WordTHEE
84.3%
4-Letter Word4 ⚜CAKE⚜
84.3%
3-Letter WordCAR
84.2%
4-Letter WordFREE
84.1%
4-Letter WordFAKE
82.9%
4-Letter WordFEDS
82.3%

Today's Daily Dose

You're not logged in!

Compare scores with friends on all Sporcle quizzes.
OR
Log In

From the Vault

NFL States Minefield

by chair

Watch out, this quiz is more sneaky than a trick play pulled out of the playbook in overtime.
Remove Ads.
Support Sporcle.
Get the best of Sporcle when you Go Orange. This ad-free experience offers more features, more stats, and more fun while also helping to support Sporcle. Thank you for becoming a member.

Show Comments

Extras

Top Quizzes Today


Score Distribution

Your Account Isn't Verified!

In order to create a playlist on Sporcle, you need to verify the email address you used during registration. Go to your Sporcle Settings to finish the process.

Report this User

Report this user for behavior that violates our Community Guidelines.

Details: